00431nam a2200145Ia 4500008004100000020001800041041001200059082002200071100004100093245007100134260004600205300001200251300001100263500001100274231221s9999 xx 000 0 und d a9790000000000 aEnglish a372.622 SAD;1 R aSadanand, Kamlesh. Punitha, Susheela 0aSpoken English: a foundation course for speakers of Telugu. Part 2 c2008bOrient Longman Pvt. Ltd.aHyderabad avi1+245 cCD3823 aE.-509